[Event "16. Sparkassen Open 2017 - Gruppe C"]
[Site "Forchheim"]
[Date "2017.09.30"]
[Round "2.17"]
[White "Dresel, Martin"]
[Black "Emge, Albin"]
[Result "0-1"]
[WhiteElo "1640"]
[BlackElo "1189"]
[PlyCount "134"]
[EventDate "2017.??.??"]
[WhiteTeam "SC Erlangen"]
[BlackTeam "SC Königsspringer Alzenau"]

1. d4 Nf6 2. c4 g6 3. Nc3 Bg7 4. Nf3 O-O 5. e3 d6 6. Be2 Bd7 7. O-O Nc6 8. Qd2
a6 9. b3 Bh6 10. Bb2 Nb8 11. Rad1 b6 12. Rfe1 Nc6 13. h3 Na7 14. Qc2 Nc8 15.
Rd2 Bf5 16. Bd3 Bd7 17. Red1 c6 18. Bf1 Bf5 19. Bd3 Bd7 20. Re2 Bg7 21. Qd2 Qc7
22. Qe1 b5 23. Rc1 b4 24. Ne4 a5 25. Nxf6+ Bxf6 26. Bb1 Qd8 27. Rd1 Qc7 28. e4
Bg7 29. d5 Bxb2 30. Rxb2 c5 31. Re2 Nb6 32. Re3 a4 33. e5 axb3 34. axb3 Ra3 35.
exd6 Qxd6 36. Ne5 Be8 37. Bc2 Nc8 38. Rd2 Ra2 39. Nc6 Kg7 40. Nxe7 Ra8 41. Nc6
Nb6 42. Rde2 Bd7 43. Ne5 Be8 44. Nf3 Bd7 45. Ng5 Qf6 46. Re5 Qd6 47. Nf3 Qf6
48. R5e3 Ra1 49. Bd1 Rfa8 50. Ne5 R8a7 51. Nxd7 Nxd7 52. Rd2 R7a2 53. Kh2 Qf4+
54. g3 Rxd2 55. Qxd2 Rxd1 56. Qb2+ Qf6 57. Qe2 Rd4 58. Rf3 Qe5 59. Re3 Qf6 60.
Rf3 Qg5 61. Kg2 Ne5 62. Re3 f6 63. f4 Rxf4 64. Rxe5 fxe5 65. h4 Rxh4 66. Kf3
Qg4+ 67. Kf2 Rh2+ 0-1

[Event "16. Sparkassen Open 2017 - Gruppe C"]
[Site "Forchheim"]
[Date "2017.09.30"]
[Round "2.18"]
[White "Heger, Heinz"]
[Black "Rodriguez Leged, Edgar Rafael"]
[Result "0-1"]
[WhiteElo "1135"]
[BlackElo "1345"]
[PlyCount "92"]
[EventDate "2017.??.??"]
[WhiteTeam "SC Forchheim"]
[BlackTeam "SG Siemens Erlangen"]

1. d4 d5 2. e3 Nf6 3. c4 g6 4. Nc3 Bg7 5. Nf3 Nc6 6. Bd3 O-O 7. O-O Re8 8. Re1
Bg4 9. Be2 e5 10. dxe5 Nxe5 11. cxd5 Nxf3+ 12. Bxf3 Bxf3 13. Qxf3 Nd7 14. e4
Ne5 15. Qe2 Qh4 16. h3 a6 17. Kh2 Rad8 18. g3 Qe7 19. f4 Nd7 20. e5 Nb6 21. e6
Nxd5 22. exf7+ Qxf7 23. Ne4 Nf6 24. Qf3 Nxe4 25. Rxe4 Rxe4 26. Qxe4 Qd5 27.
Qxd5+ Rxd5 28. Rb1 Rd1 29. b4 b5 30. Kg2 Bd4 31. Kf3 Re1 32. a3 Kf7 33. Rb3
Rxc1 34. Rd3 Rc3 35. Ke4 Rxd3 36. Kxd3 Bb2 37. Kc2 Bxa3 38. Kb3 Bc1 39. Kc2 Be3
40. Kd3 Bb6 41. Kc3 Ke6 42. g4 c5 43. h4 cxb4+ 44. Kxb4 Be3 45. Ka5 Bxf4 46.
Kxa6 b4 0-1

[Event "16. Sparkassen Open 2017 - Gruppe C"]
[Site "Forchheim"]
[Date "2017.09.30"]
[Round "2.19"]
[White "Adelhardt, Lisa"]
[Black "Stark, Raphael"]
[Result "1/2-1/2"]
[WhiteElo "1289"]
[BlackElo "1176"]
[PlyCount "108"]
[EventDate "2017.??.??"]
[WhiteTeam "Schachtreff Röttenbach"]
[BlackTeam "SK Rothenburg"]

1. e4 e5 2. Nf3 Nc6 3. Bc4 Bc5 4. c3 Nf6 5. d4 exd4 6. cxd4 Bb4+ 7. Bd2 Bxd2+
8. Nbxd2 O-O 9. d5 Ne7 10. O-O d6 11. Nd4 c5 12. dxc6 Nxc6 13. Nb5 a6 14. Nc3
Qb6 15. Qb3 Qxb3 16. Nxb3 Be6 17. Bxe6 fxe6 18. Rad1 Rad8 19. f4 e5 20. fxe5
dxe5 21. Nc5 b6 22. Ne6 Rxd1 23. Rxd1 Rc8 24. Nd5 b5 25. Rc1 Nxd5 26. exd5 Ne7
27. Rxc8+ Nxc8 28. Nc7 Nb6 29. d6 Kf7 30. Nxa6 Ke6 31. Nc7+ Kxd6 32. Nxb5+ Kc5
33. Nc3 Kd4 34. a4 Nc4 35. Kf2 Nxb2 36. Ne2+ Kc5 37. Kf3 Nxa4 38. Ke4 Kd6 39.
g3 Ke6 40. g4 Nc5+ 41. Ke3 Nd7 42. Nc3 Nf6 43. Kf3 Nd5 44. Ne4 Nf4 45. Ng5+ Kd5
46. Nxh7 Ne6 47. Ke3 e4 48. h3 Ke5 49. h4 Nc7 50. Ng5 Nd5+ 51. Ke2 Nf4+ 52. Kf2
Ne6 53. Nxe6 Kxe6 54. Ke3 Ke5 1/2-1/2

[Event "16. Sparkassen Open 2017 - Gruppe C"]
[Site "Forchheim"]
[Date "2017.09.30"]
[Round "2.20"]
[White "Levitskii, Philipp"]
[Black "Stark, Amalia"]
[Result "1-0"]
[WhiteElo "1333"]
[BlackElo "1324"]
[PlyCount "105"]
[EventDate "2017.??.??"]
[WhiteTeam "SGem Fürth"]
[BlackTeam "SK Rothenburg"]

1. d4 d5 2. Bg5 h6 3. Bh4 g5 4. Bg3 Nc6 5. Nc3 Bg7 6. e3 e5 7. Bb5 exd4 8. exd4
Nge7 9. Nf3 Bg4 10. h3 Bd7 11. O-O O-O 12. Bxc6 Bxc6 13. h4 g4 14. Ne5 Bxe5 15.
Bxe5 Qd7 16. Bf6 Ng6 17. Re1 Qf5 18. Be5 Nxh4 19. Bxc7 Rfe8 20. Rxe8+ Rxe8 21.
Bg3 Ng6 22. Qd2 Kg7 23. Ne2 Bb5 24. Nc3 Ba6 25. b4 b6 26. b5 Bb7 27. Ne2 Rc8
28. c3 Qe4 29. Re1 Qf5 30. Nf4 Nxf4 31. Bxf4 Qh5 32. Re5 Qg6 33. Re7 Rb8 34.
Bxb8 Qb1+ 35. Kh2 Bc8 36. g3 Qg6 37. Re5 Be6 38. Bxa7 f5 39. Kg1 f4 40. Qxf4
Qb1+ 41. Kg2 Qg6 42. Bxb6 h5 43. Rg5 Qxg5 44. Qxg5+ Kf7 45. a4 Bc8 46. a5 h4
47. a6 Bxa6 48. bxa6 h3+ 49. Kh2 Ke6 50. a7 Kd6 51. a8=Q Kd7 52. Qb7+ Kd6 53.
Qf6# 1-0

[Event "16. Sparkassen Open 2017 - Gruppe C"]
[Site "Forchheim"]
[Date "2017.09.30"]
[Round "2.21"]
[White "Meusel, Johannes"]
[Black "Schäfer, Emanuel"]
[Result "0-1"]
[WhiteElo "1332"]
[BlackElo "1409"]
[PlyCount "114"]
[EventDate "2017.??.??"]
[WhiteTeam "ESV Gera"]
[BlackTeam "SC Ansbach"]

1. e4 c5 2. Nf3 Nc6 3. d4 cxd4 4. Nxd4 Nf6 5. Nc3 a6 6. f3 d6 7. Be3 e6 8. Qd2
Qc7 9. Be2 Bd7 10. O-O Be7 11. Rfb1 O-O 12. b4 Ne5 13. b5 Nc4 14. Bxc4 Qxc4 15.
bxa6 Qxa6 16. Ndb5 Rfc8 17. a4 Ne8 18. Rb3 Bf6 19. Rab1 Rc6 20. f4 Bd8 21. e5
Ba5 22. Nd4 Bxc3 23. Rxc3 Rxc3 24. Qxc3 Bxa4 25. exd6 Nxd6 26. Nxe6 fxe6 27.
Rb6 Qc4 28. Qxc4 Nxc4 29. Rxe6 Nxe3 30. Rxe3 Bxc2 31. Rc3 Be4 32. g3 Ra1+ 33.
Kf2 Bc6 34. h4 Kf7 35. Ke3 Rf1 36. Kd4 Rf3 37. Rc5 Rxg3 38. Rh5 h6 39. Ke5 Rd3
40. Rf5+ Kg8 41. h5 Rd5+ 42. Ke6 Rxf5 43. Kxf5 b5 44. Ke5 Bf3 45. Kd4 Bxh5 46.
Kc5 Be2 47. f5 h5 48. f6 h4 49. f7+ Kxf7 50. Kd4 h3 51. Ke3 Bf1 52. Kf2 Bg2 53.
Ke1 h2 54. Ke2 h1=Q 55. Kd2 Qf1 56. Kc3 Qe2 57. Kd4 Qc4+ {Rest unklar} 0-1

[Event "16. Sparkassen Open 2017 - Gruppe C"]
[Site "Forchheim"]
[Date "2017.09.30"]
[Round "2.22"]
[White "Focsa Lutz, Tudor"]
[Black "Abhiraaj, Arora"]
[Result "0-1"]
[WhiteElo "1064"]
[BlackElo "1330"]
[PlyCount "56"]
[EventDate "2017.??.??"]
[WhiteTeam "SV Seubelsdorf"]
[BlackTeam "SC Erlangen"]

1. e4 e5 2. Nf3 Nc6 3. d4 exd4 4. Nxd4 Bc5 5. c3 Nf6 6. Bg5 h6 7. Be3 d6 8. Nd2
Bd7 9. N2b3 Bb6 10. Bd3 O-O 11. O-O Qe7 12. Nf5 Bxf5 13. Bxb6 Bxe4 14. Re1 axb6
15. f3 d5 16. Nd2 Qc5+ 17. Kh1 Bxd3 18. Nb3 Qb5 19. Qd2 Bc4 20. Nd4 Nxd4 21.
Qxd4 Rfe8 22. Rxe8+ Qxe8 23. Qf4 Rxa2 24. Rb1 Bd3 25. Rc1 Rxb2 26. Qxc7 Rb1 27.
Qf4 Qe1+ 28. Rxe1 Rxe1# 0-1

[Event "16. Sparkassen Open 2017 - Gruppe C"]
[Site "Forchheim"]
[Date "2017.09.30"]
[Round "2.24"]
[White "Schmiedt, Alexander"]
[Black "Antonava, Sviatlana"]
[Result "1-0"]
[WhiteElo "1292"]
[BlackElo "1199"]
[PlyCount "57"]
[EventDate "2017.??.??"]
[WhiteTeam "SK Rothenburg"]
[BlackTeam "SK Ladenburg"]

1. d4 b6 2. e4 Bb7 3. Bd3 g6 4. Nf3 Bg7 5. Qe2 d6 6. c3 e6 7. Bf4 Ne7 8. Nbd2
Nd7 9. O-O O-O 10. Rfe1 c5 11. Bxd6 Rc8 12. Bf4 a5 13. Nc4 Ba6 14. Rad1 Nf6 15.
Nd6 Bxd3 16. Qxd3 Rc6 17. Nc4 b5 18. Na3 c4 19. Qd2 Rb6 20. Be5 Nd7 21. Bxg7
Kxg7 22. d5 Rd6 23. Nxb5 Rb6 24. a4 Nc5 25. Qd4+ Kg8 26. Qxc5 Rb8 27. dxe6 Qe8
28. Rd7 Nc8 29. Nc7 1-0

[Event "16. Sparkassen Open 2017 - Gruppe C"]
[Site "Forchheim"]
[Date "2017.09.30"]
[Round "2.25"]
[White "Haller, Inna"]
[Black "Hamscher, Markus"]
[Result "0-1"]
[WhiteElo "946"]
[BlackElo "1255"]
[PlyCount "46"]
[EventDate "2017.??.??"]
[WhiteTeam "Aschaffenburg-Schweinheim"]
[BlackTeam "SG Meiderich/Ruhrort"]

1. f4 d5 2. e3 c5 3. Bb5+ Bd7 4. Nc3 e6 5. d4 g6 6. Nf3 Bg7 7. Ne5 a6 8. Bxd7+
Nxd7 9. Nxd7 Qxd7 10. dxc5 Bxc3+ 11. bxc3 Qb5 12. Qd4 f6 13. Ba3 Kf7 14. Kf2
Ne7 15. Rab1 Qc6 16. Rb6 Qc7 17. Rhb1 Rab8 18. Bb4 Nc6 19. Qd3 Rhd8 20. c4 d4
21. Rd1 dxe3+ 22. Qxe3 Rxd1 23. Qh3 Qxf4+ 0-1

[Event "16. Sparkassen Open 2017 - Gruppe C"]
[Site "Forchheim"]
[Date "2017.09.30"]
[Round "2.26"]
[White "Keck, Johannes"]
[Black "Heimann, Jonas"]
[Result "1-0"]
[WhiteElo "1083"]
[BlackElo "1062"]
[PlyCount "113"]
[EventDate "2017.??.??"]
[WhiteTeam "SV Lauf"]
[BlackTeam "SC Forchheim"]

1. e4 e5 2. Nf3 Nc6 3. Bc4 Bc5 4. c3 Nf6 5. d3 O-O 6. Nbd2 d6 7. Bb3 Bg4 8. O-O
d5 9. exd5 Nxd5 10. Ne4 Nf4 11. Nxc5 Qc8 12. Bxf4 exf4 13. Bc2 Bh3 14. gxh3
Qxh3 15. d4 b6 16. Ng5 Qc8 17. Nb3 Qd8 18. Qg4 h6 19. Nf3 Qf6 20. Kh1 a5 21.
Qf5 Qxf5 22. Bxf5 Ne7 23. Be4 Rfe8 24. Ne5 Kh8 25. Rg1 f6 26. Ng6+ Nxg6 27.
Bxg6 Re7 28. Rae1 Rxe1 29. Rxe1 a4 30. Re8+ Rxe8 31. Bxe8 axb3 32. axb3 Kg8 33.
Kg2 g5 34. h4 g4 35. Bd7 h5 36. Be8 f5 37. Bxh5 Kf8 38. Bg6 f3+ 39. Kg3 Ke7 40.
Bxf5 Kd6 41. h5 Kd5 42. h6 c5 43. dxc5 bxc5 44. h7 Ke5 45. Bxg4 Ke4 46. h8=Q
Kd3 47. Bxf3 Kc2 48. c4 Kxb3 49. Bd5 Kb4 50. f4 Kb3 51. Qc3+ Ka2 52. Qa3+ Kb1
53. Be4+ Kc1 54. Qc3+ Kd1 55. Bc2+ Ke2 56. Qd3+ Ke1 57. Qd1# 1-0

[Event "16. Sparkassen Open 2017 - Gruppe C"]
[Site "Forchheim"]
[Date "2017.09.30"]
[Round "2.27"]
[White "Plinz, Tim"]
[Black "Thiele, Robert"]
[Result "1/2-1/2"]
[WhiteElo "1401"]
[BlackElo "1078"]
[PlyCount "66"]
[EventDate "2017.??.??"]
[WhiteTeam "SK Schwanstetten"]
[BlackTeam "SC Forchheim"]

1. e4 c5 2. Nf3 d6 3. Nc3 a6 4. Be2 e5 5. O-O Be6 6. d3 Nc6 7. Be3 Be7 8. Qd2
Nf6 9. Ng5 Qd7 10. Rad1 O-O 11. Na4 Bd8 12. b3 b5 13. Nb2 b4 14. c3 a5 15. f4
exf4 16. Bxf4 Bg4 17. Bxg4 Nxg4 18. cxb4 axb4 19. Nc4 Nge5 20. Bxe5 dxe5 21.
Rf2 f6 22. Nh3 Nd4 23. Ne3 Bc7 24. Nc2 Ba5 25. Nxd4 cxd4 26. Rc1 f5 27. exf5
Rxf5 28. Rxf5 Qxf5 29. Rf1 Qg6 30. Nf2 h6 31. Ne4 Qh7 32. Qf2 Qg6 33. Qf5 Qxf5
1/2-1/2

[Event "16. Sparkassen Open 2017 - Gruppe C"]
[Site "Forchheim"]
[Date "2017.09.30"]
[Round "2.28"]
[White "Schwitulla, Jochen"]
[Black "Albayrak, Melissa"]
[Result "1-0"]
[WhiteElo "1075"]
[BlackElo "835"]
[PlyCount "91"]
[EventDate "2017.??.??"]
[WhiteTeam "Aschaffenburg-Schweinheim"]
[BlackTeam "Zabo-Eintracht Nürnberg"]

1. c4 Nc6 2. Nc3 Nf6 3. g3 e5 4. Bg2 d6 5. e3 Be7 6. Nge2 Bd7 7. O-O O-O 8. d4
Nb4 9. Bxb7 Rb8 10. Bg2 Bg4 11. Qd2 Bf5 12. e4 Bg6 13. a3 Na6 14. b4 c6 15. c5
dxc5 16. dxc5 Qe8 17. Qd3 Nc7 18. Qc2 Ng4 19. Bb2 Bd8 20. Rad1 Qe7 21. h3 Nh6
22. Qa4 Qe8 23. Qxa7 Ra8 24. Qb7 Qe6 25. Rd6 Qa2 26. Bc1 Qc4 27. Qxc6 Ra6 28.
Qd7 Rxd6 29. Qxd6 Nb5 30. Qxe5 f6 31. Qd5+ Qxd5 32. Nxd5 f5 33. exf5 Bxf5 34.
a4 Bd3 35. Re1 Na7 36. Nef4 Bc2 37. a5 Ba4 38. Nc3 Bc6 39. Bxc6 Nxc6 40. Nfd5
Na7 41. a6 Nf5 42. Re4 Kf7 43. b5 Ba5 44. b6 Nc6 45. Nb5 Ra8 46. Nbc7 1-0

[Event "16. Sparkassen Open 2017 - Gruppe C"]
[Site "Forchheim"]
[Date "2017.09.30"]
[Round "2.29"]
[White "Leisterer, Elias"]
[Black "Held, Werner"]
[Result "0-1"]
[WhiteElo "764"]
[BlackElo "1071"]
[PlyCount "110"]
[EventDate "2017.??.??"]
[WhiteTeam "SC Forchheim"]
[BlackTeam "Zabo-Eintracht Nürnberg"]

1. e4 e5 2. Nc3 c6 3. Nf3 d6 4. Bc4 h6 5. O-O a5 6. h3 b5 7. Bd3 Nf6 8. b3 b4
9. Ne2 g5 10. c4 c5 11. a3 g4 12. hxg4 Bxg4 13. Nh2 Be6 14. Ng3 Rg8 15. Nh5 Ng4
16. Be2 Nxh2 17. Kxh2 Nd7 18. axb4 Qh4+ 19. Kg1 Bh3 20. Ng3 Be6 21. bxa5 Nf6
22. d3 Bg4 23. a6 Be7 24. Bxg4 Nxg4 25. Re1 Qf6 26. Nf5 Qg6 27. Qf3 h5 28. g3
h4 29. gxh4 Ne3+ 30. Qg3 Qxg3+ 31. fxg3 Nc2 32. Bh6 Nxe1 33. Rxe1 Rxa6 34. Ng7+
Kd7 35. Rf1 f6 36. g4 Ra3 37. g5 fxg5 38. hxg5 Rxb3 39. Ra1 Bxg5 40. Bxg5 Rxg7
41. Kf2 Rxg5 42. Rg1 Rxg1 43. Kxg1 Rxd3 44. Kf2 Rd4 45. Ke3 Rxc4 46. Kd3 Rd4+
47. Ke3 c4 48. Kf3 c3 49. Ke3 c2 50. Kf3 c1=Q 51. Kg4 Rxe4+ 52. Kf5 Qf4+ 53.
Kg6 Ke7 54. Kg7 Qg5+ 55. Kh7 Rh4# 0-1